| 000 | 00950nam a2200253 a 4500 | ||
|---|---|---|---|
| 001 | 000023732 | ||
| 005 | 20250715130127.0 | ||
| 008 | 110112s1968 ag r 000 0 spa d | ||
| 040 |
_aDO-SdBNP _bspa _cBNPHU |
||
| 041 | 1 | 7 |
_aspa _beng _2Código de idioma MARC |
| 082 |
_a370.9 _bM693s |
||
| 100 | 1 |
_aMoehlman, Arthur H. _948864 |
|
| 240 | 1 | 0 |
_aComparative educational systems. _lEspañol. |
| 245 | 1 | 0 |
_aSistemas de educación comparados / _cArthur Henry Moehlman ; traducción de Luis Echavarri ; prólogo de Oliver J. Caldwell. |
| 260 |
_aBuenos Aires : _bTroquel, _c1968. |
||
| 300 |
_a135, [2] p. ; _c23 cm. |
||
| 490 | 1 | _aBiblioteca de la nueva educación | |
| 534 |
_aTítulo original en inglés: _tComparative educational systems. |
||
| 650 | 0 |
_aEducación comparada _94722 |
|
| 700 | 1 |
_aEchávarri, Luis _etr. _913631 |
|
| 700 | 1 |
_aCaldwell, Oliver J. _epról. _948865 |
|
| 830 | 0 |
_aBiblioteca de la nueva educación _948866 |
|
| 049 | _aBNGR | ||
| 999 |
_c23228 _d23228 |
||